Katalóg Thermacut advanced consumables.
Gespeichert in:
| Körperschaften: | , |
|---|---|
| Format: | Buch |
| Sprache: | Slowakisch |
| Veröffentlicht: |
[S.l.] :
[s.n.],
2006
|
| Ausgabe: | [1. vyd.] |
| Schlagworte: | |
| Online-Zugang: |
|
| Tags: |
Tag hinzufügen
Keine Tags, Fügen Sie den ersten Tag hinzu!
|
MARC
| LEADER | 00000nam a2200000 4500 | ||
|---|---|---|---|
| 003 | SK-BrCVT | ||
| 005 | 20220621161207.0 | ||
| 008 | 060814s2006 xr e ||||||slo d | ||
| 035 | |a CVTIDW1373022 | ||
| 040 | |b slo |a CVTI SR |e AACR2 | ||
| 041 | 0 | |a slo | |
| 044 | |a xr | ||
| 080 | |a 621.791 |2 UDC-MRF | ||
| 110 | 2 | |a THERMACUT, s.r.o. (Uherské Hradiště) |4 aut | |
| 245 | 1 | 0 | |a Katalóg Thermacut advanced consumables. |
| 250 | |a [1. vyd.] | ||
| 260 | |a [S.l.] : |b [s.n.], |c 2006 | ||
| 300 | |a 86 s. : |b obr., tab. ; | ||
| 653 | 1 | |a náhradný dielec |a rezací horák |a plazmový horák |a zvárací horák |a ručný horák | |
| 710 | 2 | |a THERMACUT SLOVAKIA, s.r.o. (Šurany) |4 com | |
| 910 | |b F025400 | ||
| 959 | |a 5519 | ||
| 974 | |f Firemná literatúra | ||
| 992 | |a FFK | ||
| 999 | |c 140038 |d 140038 | ||